The dark side of the universe : (Record no. 15225)

MARC details
000 -LEADER
fixed length control field 01325nam a22003137i 4500
003 - CONTROL NUMBER IDENTIFIER
control field EG-ScBUE
005 - DATE AND TIME OF LATEST TRANSACTION
control field 20250528102207.0
008 - FIXED-LENGTH DATA ELEMENTS--GENERAL INFORMATION
fixed length control field 110502t2009 n a f b 101 0 eng d
020 ## - INTERNATIONAL STANDARD BOOK NUMBER
International Standard Book Number 0094243X
020 ## - INTERNATIONAL STANDARD BOOK NUMBER
International Standard Book Number 9780735406520
040 ## - CATALOGING SOURCE
Original cataloging agency EG-ScBUE
Language of cataloging eng
Description conventions rda
Transcribing agency EG-ScBUE
Modifying agency EG-ScBUE
082 04 - DEWEY DECIMAL CLASSIFICATION NUMBER
Edition number 22
Classification number 523.1126
Item number DAR
111 2# - MAIN ENTRY--MEETING NAME
9 (RLIN) 23504
Meeting name or jurisdiction name as entry element International Conference on the Dark Side of the Universe
Number of part/section/meeting (4th :
Date of meeting 2008 :
Location of meeting Cairo, Egypt)
245 04 - TITLE STATEMENT
Title The dark side of the universe :
Remainder of title 4th International Workshop on the Dark Side of the Universe, Cairo, Egypt, 1-5 June 2008 /
Statement of responsibility, etc editor Shaaban Khalil, Center for Theoretical Physics, the British University in Egypt.
264 #1 - PUBLICATION, DISTRIBUTION, ETC. (IMPRINT)
Place of publication, distribution, etc Melville, New York :
Name of publisher, distributor, etc American Institute of Physics,
Date of publication, distribution, etc [2009]
264 #4 - PUBLICATION, DISTRIBUTION, ETC. (IMPRINT)
Date of publication, distribution, etc c2009
300 ## - PHYSICAL DESCRIPTION
Extent ix, 369 pages :
Other physical details illustrations ;
Dimensions 25 cm.
336 ## - CONTENT TYPE
Source rdacontent
Content type term text
Content type code txt
337 ## - MEDIA TYPE
Media type term unmediated
Source rdamedia
Media type code n
338 ## - CARRIER TYPE
Carrier type term volume
Carrier type code nc
Source rdacarrier
490 0# - SERIES STATEMENT
Series statement AIP conference proceedings ;
Volume number/sequential designation 1115
504 ## - BIBLIOGRAPHY, ETC. NOTE
Bibliography, etc Includes bibliographical references and index.<br/>
650 #7 - SUBJECT ADDED ENTRY--TOPICAL TERM
9 (RLIN) 23506
Topical term or geographic name as entry element Dark energy (Astronomy)
Form subdivision Congresses.
Source of heading or term BUEsh
650 #7 - SUBJECT ADDED ENTRY--TOPICAL TERM
9 (RLIN) 8234
Topical term or geographic name as entry element Dark matter (Astronomy)
Form subdivision Congresses.
Source of heading or term BUEsh
655 ## - INDEX TERM--GENRE/FORM
Form subdivision Reading book
700 1# - ADDED ENTRY--PERSONAL NAME
9 (RLIN) 8235
Personal name Khalil, Shaaban,
Relator term editor.
942 ## - ADDED ENTRY ELEMENTS (KOHA)
Source of classification or shelving scheme Dewey Decimal Classification
Koha item type Book - Borrowing
Holdings
Withdrawn status Lost status Source of classification or shelving scheme Damaged status Not for loan Collection code Home library Current library Shelving location Date acquired Source of acquisition Total Checkouts Full call number Barcode Date last seen Price effective from Koha item type Materials specified (bound volume or other part)
    Dewey Decimal Classification       Central Library Central Library First floor 02/05/2011 Donation   523.1126 DAR 000023462 15/07/2025 02/05/2011 Book - Borrowing  
    Dewey Decimal Classification       Central Library Central Library First floor 02/05/2011 Donation   523.1126 DAR 000017726 22/10/2025 02/05/2011 Book - Borrowing Lost In Inventory 15-7-2025
    Dewey Decimal Classification       Central Library Central Library First floor 02/05/2011 Donation   523.1126 DAR 000017725 15/07/2025 02/05/2011 Book - Borrowing  
    Dewey Decimal Classification     Donation-Gift Central Library Central Library First floor 18/12/2013 Donation   523.1126 DAR 000035242 15/07/2025 18/12/2013 Book - Borrowing